| 000 | 01303nam a2200409 c 4500 | ||
|---|---|---|---|
| 001 | 18400 | ||
| 003 | ES-MaCES | ||
| 005 | 20150724120049.0 | ||
| 008 | 060105s2005 sp t 000 | spa d | ||
| 017 |
_aM 34827-2005 _bDL |
||
| 020 | _a8430943374 | ||
| 035 | _aCES20060000235m | ||
| 040 |
_aES-MaCES _bspa _cES-MaCES |
||
| 245 | 0 | 0 |
_aPolíticas sociolaborales _cAntonio V. Sempere Navarro ... [et al.] |
| 250 | _a3ª ed | ||
| 260 |
_aMadrid _bTecnos _c2005 |
||
| 300 |
_a299 p. _c24 cm |
||
| 504 | _aBibliografía | ||
| 541 | _cCompra | ||
| 650 | 4 |
_apolítica social _927029 |
|
| 650 | 4 |
_apolítica laboral _928290 |
|
| 650 | 4 |
_apolítica de formación _929974 |
|
| 650 | 4 |
_aseguridad social _927034 |
|
| 650 | 4 |
_alucha contra la pobreza _930648 |
|
| 650 | 4 |
_aasistencia a las personas de edad avanzada _927061 |
|
| 650 | 4 |
_acuidado a las personas con discapacidad _927063 |
|
| 650 | 4 |
_apolítica familiar _930329 |
|
| 650 | 4 |
_apolítica sobre la juventud _927065 |
|
| 650 | 4 |
_apolítica migratoria _929183 |
|
| 650 | 4 |
_aEspaña _926964 |
|
| 653 | 1 | 0 | _aRelaciones laborales-Empleo |
| 650 | 4 |
_928300 _apolítica de empleo |
|
| 700 | 1 |
_aSempere Navarro, Antonio Vicente _923834 |
|
| 902 | _aLIB Libro | ||
| 942 |
_2CES _cBK _h2.0. |
||
| 999 |
_c18400 _d18400 |
||